000 00918nam a2200229 u 4500
001 000777756
003 AM-YeHGA
005 20250618073847.0
008 101209s1982 ||||||||||||||||||||rus|c
040 _aAM-YeHGA
041 0 _arus
100 1 _aТолстой, Алексей Николаевич,
_d1882-1945
245 1 0 _aЗаволжье ;
_bПовести и рассказы /
_cА.Н. Толстой ; Сост. В.И. Баранов ; Худож. Н.А. Воробьев.
260 _aГорький :
_bВолго-Вят. кн. изд-во,
_c1982.
300 _a271 с.
440 0 _aСельская библиотеки Нечерноземья
650 1 4 _aХудожественная литература
_94918
700 1 _aБаранов, В.И.
_eсост.
_4com
700 1 _aВоробьев, Н.А.
_eхудож.
_4art
740 0 2 _aПовести и рассказы
090 _c286484
999 _c284822
_d284822